Statistics for Fast Food Restaurants

Click here to take the quiz!

General Stats

  • This quiz has been taken 155 times
  • The average score is 6 of 10

Answer Stats

HintAnswer% Correct
14,098McDonald's
98%
7,231Burger King
88%
24,722Subway
79%
6,594Wendy's
77%
5,670Taco Bell
65%
7,600Pizza Hut
59%
4,907Domino's Pizza
46%
10,821Starbucks
40%
7,015Dunkin' Donuts
31%
6,187Dairy Queen
24%

Score Distribution

Percentile by Number Answered

Percent of People with Each Score

Your Score History

You have not taken this quiz